Регионална библиотека "Любен Каравелов" - Русе

Адвокат под прицел (Запис номер 488306)

MARC детайли
000 -Лидер
Контролно поле с фиксирана дължина nam a22 7a 4500
003 - Код на организацията, давaща контролен номер
Контролно поле BLK
005 - Дата и час на последна редакция
Контролно поле 20230306123921.0
008 - Елементи от данни с фиксирана дължина
fixed length control field 230117b bu |||||r|||| 00| | bu d
020 ## - Международен стандартен номер на книга ISBN
Международен стандартен номер на книга ISBN 9786197604115
040 ## - Източник на каталожния запис
Идентификатор на билиотеката - собственик на записа BLK
041 ## - Код за език
Код за езика на текст/звукозапис или на отделно заглавие Български
Код за езика КДБФ Български
080 ## - УДК
Текстов определител УДК Българска литература
УДК код - определител по УДК 821.163.2
УДК определител -312.4
УДК - код + определител 821.163.2-312.4
100 ## - Редна дума - Автор
Автор Герджилов, Велко Ангелов
Авторска отговорност първи автор
R(LIN) 402297
139 ## - Редно поле
Редна дума Герджилов, Велко Ангелов
Авторски знак Гер - Г 38
245 ## - Сведения за заглавието
Заглавие Адвокат под прицел
Подзаглавни данни Мистерии под Тепетата
Редно поле (дума) Велко Герджилов.
260 ## - Област на издателските данни
9 (RLIN) 214217
Място на издаване, разпространение и проч. Русе
Име на издателя, разпространителя и проч. Gaiana Book Art Studio
Година на издаване 2021
300 ## - Физическа характеристика
Страници 246 с.
Размери/Мащаб 17 см
380 ## - Жанр
Жанр Худож. лит.
490 ## - СЕРИИ (Колекции)
9 (RLIN) 208389
Име на серия Колекция Дракус
№: серия 29
856 ## - Електронен адрес и достъп
Инструкция (цена за достъп) 0.00
Права за достъп disable
999 ## - СИСТЕМНИ КОНТРОЛНИ НОМЕРА
Koha biblionumber 488306
Koha biblioitemnumber 488306
942 ## - АРТИКУЛИ
Вид на библиотечния материал Книги
Скрит в OPAC Не
Периодичен библиозапис Да
Koha issues (borrowed), all copies 18
Наличности
Код за отписване Код за изгубен артикул Източник на класификационната схема Код за повреда Коз за рестрикции Код за отдаване Артикулен № Име на библиотеката - собственик Име на библиотеката, в която се намира в момента Статус (Текущо местоположение) Дата на вписване в системата Местоположение - отдел Цена в лева Систематично азбучна сигнатура Баркод Цена в евро Служебен тип на артикула
  Не е изгубен Universal Decimal Classification Не е повреден без рестрикции заемане за дома 921915 Регионална библиотека "Любен Каравелов" Русе Регионална библиотека "Любен Каравелов" Русе Заемна - подръчен фонд 2023-01-18 Заемна - подръчен фонд 10.00 821.163.2-31/Г 38 В 120000881540 5.11 Книги
  Не е изгубен Universal Decimal Classification Не е повреден без рестрикции заемане за дома 921916 Регионална библиотека "Любен Каравелов" Русе Регионална библиотека "Любен Каравелов" Русе Заемна - подръчен фонд 2023-01-18 Заемна - подръчен фонд 10.00 821.163.2-31/Г 38 В 120000881541 5.11 Книги
Vip Innovations Ltd, Rousse, Bulgaria 2025